000 00328nam a22001097a 4500
082 _a004.16 CHI'I
100 _aCHIEN, CHAO C
_960844
245 _aINTRODUCTION TO THE MICROCOMPUTER AND ITS APPLI CATIONS,PC DOS WORDSTAR LOTUS 1-2-3 AND DBASE
260 _aNEW DELHI
_bGALGOTIA PUBLICATIONS
_c1989
300 _a462P
942 _cBK
999 _c570468
_d570468